| 000 | 00641nam a22002177a 4500 | ||
|---|---|---|---|
| 003 | LK-CoDNM | ||
| 005 | 20241002153012.0 | ||
| 008 | 241002b |||||||| |||| 00| 0 eng d | ||
| 040 |
_aLK-CoDNM _dLK-CoDNM _eLK-CoDNM |
||
| 041 | _aeng | ||
| 080 |
_a104 _bKK40 |
||
| 100 | _ahocart a.m | ||
| 245 |
_aMemoirs of the Archeological Survey Of Ceylon volume IV _bThe tample of the tooth in kandy |
||
| 260 |
_alondon _c1931 |
||
| 300 | _a37p. ill ; 32 cm | ||
| 650 | _aMemoirs of the Archeological Survey Of Ceylon volume IV | ||
| 650 | _aThe tample of the tooth in kandy | ||
| 650 | _ahocart a.m | ||
| 650 | _a104 kk40 | ||
| 942 | _cBK | ||
| 999 |
_c217404 _d217404 |
||